| 000 | 01178aam a2200337 i 4500 | ||
|---|---|---|---|
| 999 |
_c69159 _d69159 |
||
| 001 | 69159 | ||
| 003 | Mx-PuUPA | ||
| 005 | 20240410104311.0 | ||
| 008 | 201126s2018 it a|||gr|||| 00| 0 spa d | ||
| 020 | _a978417127268 | ||
| 040 |
_aMx-PuUPA _bspa _cMx-PuUPA _dMx-PuUPA _erda |
||
| 041 | 1 |
_aspa _heng |
|
| 100 | 1 |
_aDickens, Charles, _d1812-1870 _eautor _94591 |
|
| 240 | 1 | 0 |
_aA christmas carol. _lEspañol |
| 245 | 1 | 0 |
_aCanción de navidad / _cCharles Dickens ; traducción, Agnès Iranzu |
| 250 | _aPrimera edición | ||
| 264 | 4 |
_aMilano : _bGribaudo - if - Idee Editoriali Feltrinelli srl, _c2018 |
|
| 300 |
_a125 páginas : _bilustraciones ; _c20 cm |
||
| 336 |
_2rdacontent _atexto _btxt |
||
| 337 |
_2rdamedia _asin medio _bn |
||
| 338 |
_2rdacarrier _avolumen _bnc |
||
| 490 | 0 | _aGribaudo. Texto íntegro | |
| 650 | 4 |
_aCuentos de navidad _vNovela |
|
| 655 | 4 | _aNovela inglesa | |
| 700 | 1 |
_aIranzu, Agnès, _etraductor |
|
| 765 | 0 | 8 |
_aDickens, Charles, 1812-1870 _tA christmas carol. |
| 942 |
_2ddc _cLI _h823.84 _iD5452 |
||